|
|
|
|
| LEADER |
01741nam a2200445 a 4500 |
| 001 |
000694504 |
| 003 |
CZ BrMZK |
| 005 |
20031211093013.0 |
| 007 |
ta |
| 008 |
031027s2003 xr abcef 000 mdcze d |
| 015 |
|
|
|a cnb001287186
|
| 020 |
|
|
|a 80-7341-046-X
|q (váz.) :
|c Kč 229,00
|
| 035 |
|
|
|a (OCoLC)85088538
|
| 040 |
|
|
|a BOA001
|b cze
|
| 041 |
1 |
|
|a cze
|h eng
|
| 043 |
|
|
|a t-ay---
|
| 072 |
|
7 |
|a 91
|x Geografie jako věda. Výzkum. Cestování
|2 Konspekt
|9 7
|
| 080 |
|
|
|a (292.3)
|2 MRF
|
| 080 |
|
|
|a (99)
|2 MRF
|
| 080 |
|
|
|a (0:82-96)
|2 MRF
|
| 080 |
|
|
|a 910.3/.4
|2 MRF
|
| 080 |
|
|
|a 910.3/.4(211)
|2 MRF
|
| 100 |
1 |
|
|a Gurney, Alan,
|d 1936-2012
|7 xx0014316
|4 aut
|
| 245 |
1 |
0 |
|a Závod o bílý kontinent :
|b [dobývání Antarktidy] /
|c Alan Gurney ; přeložil Antonín Otáhal
|
| 250 |
|
|
|a 1. vyd. v českém jazyce.
|
| 260 |
|
|
|a Praha :
|b BB art,
|c 2003
|
| 300 |
|
|
|a 366 s. :
|b il., mapy, portréty, plány ;
|c 22 cm
|
| 500 |
|
|
|a Přeloženo z angličtiny
|
| 500 |
|
|
|a Podnázev z obálky
|
| 504 |
|
|
|a Obsahuje bibliografii a rejstřík
|
| 650 |
0 |
7 |
|a objevné cesty
|7 ph123592
|z Antarktida
|2 czenas
|
| 650 |
0 |
7 |
|a polární expedice
|7 ph124325
|z Antarktida
|2 czenas
|
| 655 |
|
7 |
|a literatura faktu
|7 fd132773
|2 czenas
|
| 700 |
1 |
|
|a Otáhal, Antonín,
|d 1955-
|7 jn20001103746
|4 trl
|
| 765 |
0 |
|
|t <<The >>race zo the white continent
|9 Česky
|
| 856 |
4 |
1 |
|u http://www.digitalniknihovna.cz/mzk/uuid/uuid:e19ce7e0-097f-11e3-9923-005056827e52
|y Digitalizovaný dokument
|x NDK
|
| 910 |
|
|
|a BOA001
|b 2-1119.115
|
| 990 |
|
|
|a BK
|
| 996 |
6 |
|
|b 2610194159
|c 2-1119.115
|l MZK
|r Sklad / do 1 hodiny
|n 1
|p p.v.
|w 000694504
|u 000010
|a 1
|e BOA001
|j MZK50
|s P
|
| 996 |
7 |
|
|b 2610205783
|c 2-1119.115
|l MZK
|r Sklad / do 1 hodiny
|n 7
|p kup
|w 000694504
|u 000020
|a 1
|e BOA001
|j MZK50
|s A
|